000 00478nam a2200181Ia 4500
003 GCL
008 140319s9999 xx 000 0 eng d
040 _aGCL /
_cGCL
082 0 4 _a001.642
_bG C
100 1 _aGEAR, WILLIAM
245 1 0 _aCOMPUTER ORGANIZATION AND PROGRAMMING /
_cGEAR, WILLIAM
260 _a[S.N] :
_bMC GRAW - HILL ،
_c1985
300 _a414 P
650 0 4 _aPROGRAMMING
650 0 4 _aMICRO COMPUTERS
650 0 4 _aCOMPUTER ARCHITECTURE
942 _2ddc
_cBK
999 _c25187
_d25187